000 00318nam a2200097Ia 4500
008 220120s9999||||xx |||||||||||||| ||und||
100 _aHarsha Biddappa and others
_912565
245 0 _aAndroid based security using IR
260 _aCoorg Institute of Technology
_bPonnampet
_c2015
650 _aELECTRONICS AND COMMUNICATIONS
999 _c138163
_d138163